000 00585cam a22002173a 4500
001 38697
003 PGUSA
005 20140828083843.0
008 120128s2012||||xxu|||||s|||||000 | eng d
040 _aPGUSA
_beng
042 _adc
100 1 _aSato, Haruo,
_d1892-1964
245 1 0 _a殉情詩集
_h[electronic resource] /
_cHaruo Sato
260 _bProject Gutenberg,
_c2012
506 _aPublic domain in the USA.
516 _aElectronic text
740 0 _aJunjo Shishu
830 0 _aProject Gutenberg
_v38697
856 4 0 _uhttp://www.gutenberg.org/ebooks/38697
942 _cEB
999 _c267951
_d267951